| 000 | 00425nam a2200181Ia 4500 | ||
|---|---|---|---|
| 008 | 210210b1938 xxu||||| |||| 00| 0 eng d | ||
| 041 | _aeng | ||
| 082 | _a387/3 | ||
| 100 | _aBARHAM (William R) | ||
| 245 | _aArithmetic class book | ||
| 260 |
_aLondon _bSir Isaac Pitman & Sons Ltd., _c1938 |
||
| 300 | _a160 | ||
| 650 | _aclass | ||
| 650 | _abook | ||
| 650 | _aArithmetic | ||
| 690 | _aArithmetics | ||
| 906 | _a005647 | ||
| 999 |
_c125664 _d125664 |
||